000 00545nam a22001697a 4500
005 20231123060520.0
008 231122b |||||||| |||| 00| 0 eng d
041 _aEnglish
082 _a342 ROS
100 _aRose Innes, LA
_lEnglish
245 _aJudicial Review of Administrative Tribunals in South Africa /
_cLA Rose Innes
250 _aFirst Edition
260 _aCape Town :
_bJuta and Company Ltd,
_c1963
300 _bxxxiv, 274 pages ;
_c26 cm.
650 _aLegal practice
_bLaw
942 _cBK
_6ALISON_BN_VRIES
999 _c862
_d862